Häufigste Nachnamen in der Schweiz - Statistiken

Allgemein
  • Dieses Quiz wurde 194 mal gespielt
  • Das Durchschnittsergebnis liegt bei 12 aus 50
Antwortstatistiken
# Namensträger Promi Nachname % Korrekt
1. 62'528 Walter Andreas Müller
88%
2. 42'153 Timo Meier
79%
3. 39'036 Samuel Schmid
66%
8. 23'087 Mattea Meyer
59%
6. 24'224 Vreni Schneider
59%
50. 8'708 Ueli Maurer
46%
4. 29'507 Gottfried Keller
45%
29. 11'941 Polo Hofer
43%
10. 19'350 Patrick Fischer
40%
38. 9'994 Beatrice Egli
38%
30. 11'867 Alisha Lehmann
32%
5. 26'175 Yannick Weber
32%
26. 12'932 Stéphanie Berger
31%
14. 17'827 Alex Frei
31%
7. 23'271 Dani Huber
30%
11. 19'026 Martin Gerber
26%
24. 13'535 Ramona Bachmann
24%
13. 18'401 Toni Brunner
23%
37. 10'791 Ursula Koch
23%
15. 17'579 Laura Zimmermann
23%
35. 10'894 Michael Frey
20%
28. 12'307 Susanne Kunz
20%
43. 9'211 Jochen Schweizer
20%
47. 8'885 Kilian Wenger
20%
9. 21'837 Michael Steiner
19%
12. 18'590 René Baumann
18%
45. 9'101 Rico Peter
18%
22. 13'713 Martin Suter
18%
49. 8'761 Anna Pieri Zürcher
18%
31. 11'645 Samira Marti
17%
17. 16'527 Silvan Widmer
17%
32. 11'536 Luana Bühler
16%
19. 16'212 Maya Graf
16%
16. 17'494 Simon Moser
16%
20. 14'570 Monika Roth
16%
33. 11'096 Barbara Lüthi
14%
25. 13'217 Lukas Studer
14%
18. 16'308 Ursula Wyss
14%
34. 10'980 Sarina Arnold
13%
23. 13'596 André Bucher
11%
41. 9'331 Régis Fuchs
11%
27. 12'901 Franziska Kaufmann
11%
46. 8'928 Marcel Koller
11%
48. 8'857 Jürgen Kohler
9%
36. 10'796 Björn Christen
7%
42. 9'305 Sébastien Wüthrich
7%
21. 13'824 Felix Baumgartner
6%
39. 9'459 Otto Pfister
6%
40. 9'453 Anna Gasser
5%
44. 9'189 Lara Stalder
3%
Keine übereinstimmenden Quizze gefunden
Verteilung der Resultate
Anzahl Personen mit jedem Resultat
Perzentil nach korrekt beantworteten Fragen
Ihre Resultats-Entwicklung
Sie haben dieses Quiz noch nicht gespielt